Gramática de la lengua española.

Na minha lista:
Detalhes bibliográficos
Autor principal: Alarcos Llorach, Emilio (autor)
Formato: Livro
Idioma:espanhol
Publicado em: Madrid, España: Espasa Calpe, 1995.
Edição:Primera edición,1994; séptima reimpresión,1995.
coleção:Colección Nebrija y Bello (Real Academia Española).
Assuntos:
Tags: Adicionar Tag
Sem tags, seja o primeiro a adicionar uma tag!

MARC

LEADER 00000nam a2200000 a 4500
001 UCY7851
003 CL-VaPUC
005 20220822114326.0
008 950622t19940000SP |||||||||||||||||spa|d
999 |c 235152  |d 235150 
020 |a 84-239-7840-0 
040 |c Pontificia Universidad Católica de Valparaíso 
082 0 4 |a 465 ALA 1994   |2 21 
100 0 |a Alarcos Llorach, Emilio  |e autor  |9 338698 
245 1 0 |a Gramática de la lengua española. 
250 |a Primera edición,1994; séptima reimpresión,1995. 
260 |a Madrid, España:  |b Espasa Calpe,   |c 1995. 
300 |a 406 páginas.  
490 0 |a Colección Nebrija y Bello (Real Academia Española). 
500 |a c.2 Donación Familia Prof. Alejandro Guzmán Brito. 
583 |a last modification  |c 19950622 00:00:00  |k Rodrigo Vera 
650 0 |a Español  |9 255372  |x Gramática 
942 |c BK  |2 ddc  |n 0 
945 |d 19950622 00:00:00  |a rbrito 
952 |0 0  |1 0  |4 0  |6 465_000000000000000_ALA_1995  |7 0  |8 A  |9 242368  |a BIBEDU  |b BIBEDU  |d 2019-11-18  |i 3095940  |l 5  |m 7  |o 465 ALA 1995  |p 3095940  |r 2024-05-23  |s 2024-05-22  |w 2019-11-18  |y BK  |k EPE 
952 |0 0  |1 0  |2 ddc  |4 0  |6 465_000000000000000_ALA_1994  |7 1  |8 C_AGB  |9 580777  |a BIBDER  |b BIBDER  |d 2022-01-24  |e Donación   |i 5641195  |o 465 ALA 1994  |p 5641195  |r 2023-01-25  |t 2  |w 2022-01-24  |y BK_US  |k AGB